| 000 | 01112cam a2200325 i 4500 | ||
|---|---|---|---|
| 003 | EG-ScBUE | ||
| 005 | 20230410094558.0 | ||
| 008 | 161102t1989 nyua f b 001 0 eng d | ||
| 020 | _a9780582286061 | ||
| 020 | _a0582286069 | ||
| 040 |
_aEG-ScBUE _beng _erda _dEG-ScBUE _cEG-ScBUE |
||
| 082 | 0 | 4 |
_a791.43015 _222 _bBYW |
| 100 | 1 |
_aBywater, Tim, _d1942- _eauthor. |
|
| 245 | 1 | 3 |
_aAn introduction to film criticism : _bmajor critical approaches to narrative film / _cTim Bywater, Dixie College Thomas Sobchack, University of Utah. |
| 264 | 1 |
_aNew York ; _aLondon : _bLongman, _c[1989] |
|
| 264 | 4 | _cc1989 | |
| 300 |
_axvii, 238 pages : _billustrations ; _c24 cm |
||
| 336 |
_2rdacontent _atext _btxt |
||
| 337 |
_2rdamedia _aunmediated _bn |
||
| 338 |
_2rdacarrier _avolume _bnc |
||
| 504 | _aIncludes bibliographical references and index. | ||
| 590 | _ashima | ||
| 650 | 7 |
_aFilm criticism. _2BUEsh _939198 |
|
| 651 | _2BUEsh | ||
| 653 |
_bCOMAME _cNovember2016 |
||
| 655 | _vReading book | ||
| 700 | 1 |
_aSobchack, Thomas, _eauthor. |
|
| 906 |
_a7 _bcbc _corignew _d1 _eocip _f19 _gy-gencatlg |
||
| 942 |
_2ddc _cBB |
||
| 999 |
_c23002 _d22974 |
||